000 01100 a2200253 4500
005 20080909100757.0
008 080909t xxu||||| |||| 00| 0 hin d
010 _aHIN-80212
020 _a8190220144
_c150.00
035 _aHN-52558
037 _bD.B.Act / pub
082 _a
100 _aप्रेमचन्द
245 _aप्रतिज्ञा
_cप्रेमचन्द
246 _aPratigya
_bby Premchand
260 _aदिल्ली
_bविशाल पुस्तक भंडार
_c2006
270 _aएफ-14/28, मॉडल टाउन सेकेण्ड
_bदिल्ली
_c110009
300 _a120पृ
_c22 सेमी(सजिल्द)
490 _a(प्रेमचन्द संग्रह-11)
650 _aहिन्दी उपन्यास
650 _aHindi Novel
942 _adpl
_cHN
_kउ / प्रेमच
_2ddc
_h
_m प्रेमच
999 _c5242
_d5242